000
00486nam a2200181Ia 4500
008
090123s9999 xx 000 0 und d
082
_b
3499
100
_a
गवाणकर आशा
245
_a
जादूची नगरी
250
_a
1
260
_c
1973
300
_a
7
600
_a
गवाणकर आशा
630
_a
जादूची नगरी
700
_a
गवाणकर आशा
730
_a
जादूची नगरी
942
_c
BOOK
999
_c
41579
_d
41579